<?xml version="1.0" encoding="UTF-8"?>
<record
    xmlns:xsi="http://www.w3.org/2001/XMLSchema-instance"
    xsi:schemaLocation="http://www.loc.gov/MARC21/slim http://www.loc.gov/standards/marcxml/schema/MARC21slim.xsd"
    xmlns="http://www.loc.gov/MARC21/slim">

  <leader>01627cam0a2200397   4500</leader>
  <controlfield tag="001">14027</controlfield>
  <controlfield tag="003">http://www.sudoc.fr/272494100</controlfield>
  <controlfield tag="005">20260226145801.0</controlfield>
  <datafield tag="010" ind1=" " ind2=" ">
    <subfield code="a">9782351052129</subfield>
    <subfield code="d">10 EUR</subfield>
  </datafield>
  <datafield tag="035" ind1=" " ind2=" ">
    <subfield code="a">(OCoLC)1402164521</subfield>
  </datafield>
  <datafield tag="035" ind1=" " ind2=" ">
    <subfield code="a">438288</subfield>
  </datafield>
  <datafield tag="035" ind1=" " ind2=" ">
    <subfield code="a">536843</subfield>
  </datafield>
  <datafield tag="073" ind1=" " ind2="1">
    <subfield code="a">9782351052129</subfield>
  </datafield>
  <datafield tag="090" ind1=" " ind2=" ">
    <subfield code="a">14027</subfield>
  </datafield>
  <datafield tag="099" ind1=" " ind2=" ">
    <subfield code="o">0</subfield>
  </datafield>
  <datafield tag="100" ind1=" " ind2=" ">
    <subfield code="a">20231010h20232023m  y0frey50      ba</subfield>
  </datafield>
  <datafield tag="101" ind1="0" ind2=" ">
    <subfield code="a">fre</subfield>
  </datafield>
  <datafield tag="102" ind1=" " ind2=" ">
    <subfield code="a">FR</subfield>
  </datafield>
  <datafield tag="105" ind1=" " ind2=" ">
    <subfield code="a">y   ||||000by</subfield>
  </datafield>
  <datafield tag="181" ind1=" " ind2=" ">
    <subfield code="6">z01</subfield>
    <subfield code="c">txt</subfield>
    <subfield code="2">rdacontent</subfield>
  </datafield>
  <datafield tag="181" ind1=" " ind2="1">
    <subfield code="6">z01</subfield>
    <subfield code="a">i#</subfield>
    <subfield code="b">xxxe##</subfield>
  </datafield>
  <datafield tag="182" ind1=" " ind2=" ">
    <subfield code="6">z01</subfield>
    <subfield code="c">n</subfield>
    <subfield code="2">rdamedia</subfield>
  </datafield>
  <datafield tag="182" ind1=" " ind2="1">
    <subfield code="6">z01</subfield>
    <subfield code="a">n</subfield>
  </datafield>
  <datafield tag="183" ind1=" " ind2="1">
    <subfield code="6">z01</subfield>
    <subfield code="a">nga</subfield>
    <subfield code="2">RDAfrCarrier</subfield>
  </datafield>
  <datafield tag="200" ind1="1" ind2=" ">
    <subfield code="a">Mort le soleil</subfield>
    <subfield code="b">LIVR</subfield>
  </datafield>
  <datafield tag="214" ind1=" " ind2="0">
    <subfield code="c">&#xC9;ditions l'Oeil du prince</subfield>
    <subfield code="d">DL 2023</subfield>
  </datafield>
  <datafield tag="214" ind1=" " ind2="0">
    <subfield code="a">Paris</subfield>
  </datafield>
  <datafield tag="215" ind1=" " ind2=" ">
    <subfield code="a">1 vol. (69 p.)</subfield>
  </datafield>
  <datafield tag="215" ind1=" " ind2=" ">
    <subfield code="d">20 cm</subfield>
  </datafield>
  <datafield tag="312" ind1=" " ind2=" ">
    <subfield code="a">La couv. porte en plus : "Th&#xE9;&#xE2;tre contemporain"</subfield>
  </datafield>
  <datafield tag="323" ind1=" " ind2=" ">
    <subfield code="a">1</subfield>
  </datafield>
  <datafield tag="330" ind1=" " ind2=" ">
    <subfield code="a">Masculin d'aujourd'hui : p&#xE8;re largu&#xE9; par sa femme. Masculin d'aujourd'hui : fils sans rep&#xE8;res. Masculin d'aujourd'hui : intrus en lutte contre le monopole des glandes mammaires. Masculins de demain, prendrez-vous une carabine pour tirer dans la cohorte f&#xE9;minine ? Sur le seuil de sa perp&#xE9;tuit&#xE9;, trente ans apr&#xE8;s le drame pour lequel il a &#xE9;t&#xE9; emprisonn&#xE9;, un condamn&#xE9; livre son ultime Pater Noster. Un po&#xE8;mologue qui convoque les figures d'un adolescent et de son p&#xE8;re quinquag&#xE9;naire, fanatis&#xE9;s par un jeune masculiniste pr&#xEA;chant la contre-r&#xE9;volution f&#xE9;ministe. </subfield>
  </datafield>
  <datafield tag="608" ind1=" " ind2=" ">
    <subfield code="3">027814157</subfield>
    <subfield code="a">Th&#xE9;&#xE2;tre (genre litt&#xE9;raire) fran&#xE7;ais</subfield>
    <subfield code="2">rameau</subfield>
  </datafield>
  <datafield tag="700" ind1=" " ind2="1">
    <subfield code="a">Soublin</subfield>
    <subfield code="b">Gwendoline</subfield>
    <subfield code="f">1987-....</subfield>
  </datafield>
  <datafield tag="700" ind1=" " ind2="1">
    <subfield code="3">233789502</subfield>
    <subfield code="4">070</subfield>
  </datafield>
  <datafield tag="801" ind1=" " ind2="3">
    <subfield code="a">FR</subfield>
    <subfield code="b">Abes</subfield>
    <subfield code="c">20250602</subfield>
    <subfield code="g">AFNOR</subfield>
  </datafield>
  <datafield tag="995" ind1=" " ind2=" ">
    <subfield code="2">0</subfield>
    <subfield code="5">2026-02-26</subfield>
    <subfield code="9">13919</subfield>
    <subfield code="c">JOL</subfield>
    <subfield code="f">JOL-007728</subfield>
    <subfield code="k">TH SOU 1</subfield>
    <subfield code="o">0</subfield>
    <subfield code="b">JOL</subfield>
    <subfield code="r">LIVR</subfield>
  </datafield>
</record>
